| 000 | 00457nam a2200181Ia 4500 | ||
|---|---|---|---|
| 003 | GCL | ||
| 008 | 140319s9999 xx 000 0 eng d | ||
| 040 |
_aGCL / _cGCL |
||
| 082 | 0 | 4 |
_a629.13443 _bR F |
| 100 | 1 | _aROED, AOGE | |
| 245 | 1 | 0 |
_aFLIGHT SAFETY AERODYNAMICS / _cROED, AOGE |
| 260 |
_a[S.N] : _bAIRLIFE PUBLISHING ، _c1993 |
||
| 300 | _a158P | ||
| 650 | 0 | 4 | _aACCIDENTS |
| 650 | 0 | 4 | _aAERODYNAMICS |
| 650 | 0 | 4 | _aSAFETY APPLIANCES |
| 942 |
_2ddc _cBK |
||
| 999 |
_c11534 _d11534 |
||